Návrh webovej aplikácie s využitím architektúry MVC

Salvato in:
Dettagli Bibliografici
Autore principale: Králik, Filip (Autore)
Altri autori: Šimončičová, Veronika (Relatore della tesi)
Natura: Manoscritto Libro
Lingua:slovacco
Pubblicazione: 2016
Soggetti:
Accesso online:http://is.stuba.sk/zp/portal_zp.pl?podrobnosti=105767
Tags: Aggiungi Tag
Nessun Tag, puoi essere il primo ad aggiungerne!!

MARC

LEADER 00000ntm a22000003a 4500
001 stuzp55292
003 SK-STU
005 20160719154730.9
007 ta
008 150427s2015----xo-----f-mn---000-0-slo-d
040 |a STU  |b slo 
041 0 |a slo 
100 1 |a Králik, Filip  |u 066000  |4 aut  |U MTF Materiálovotechnologická fakulta  |T MTF Ústav aplikovanej informatiky, automatizácie a mechatroniky  |X 71519  |U M6000  |Y 86  |7 71519 
242 0 1 |a Design of a web application using MVC  |y eng 
245 1 0 |a Návrh webovej aplikácie s využitím architektúry MVC 
260 |c 2016 
650 4 |a CakePHP  |2 slo 
650 4 |a MVC  |2 slo 
650 4 |a PHP  |2 slo 
650 4 |a PHP  |2 eng 
650 4 |a CakePHP  |2 eng 
650 4 |a MVC  |2 eng 
700 1 |a Šimončičová, Veronika  |u 066000  |k Z3  |4 ths  |U MTF Materiálovotechnologická fakulta  |T MTF Ústav aplikovanej informatiky, automatizácie a mechatroniky  |X 6735  |U M6000  |Y 86  |7 A000006735 
856 4 |u http://is.stuba.sk/zp/portal_zp.pl?podrobnosti=105767 
996 |c M* BP-7591  |l MMSKP  |s P  |a 0  |w stuzp55292_0001 
SQL |a stuzp55292  |b DBP  |c SLO  |d Návrh webovej aplikácie s využitím architektúry MVC  |e 71519  |f Králik, Filip  |g 066000  |h 6735  |i Šimončičová, Veronika  |j 20160621  |k 168  |l 06  |m http://is.stuba.sk/zp/portal_zp.pl?podrobnosti=105767  |n B-AIA  |o 5.2.14. automatizácia, 9.2.9. aplikovaná informatika